LEADER 01013nam0-2200277 --450 001 9911036677603321 005 20251122151117.0 100 $a20251110d1912----kmuy0itay5050 ba 101 0 $aita 102 $aIT 105 $aa 001yy 200 1 $a<>influenza dell'elettricitā sulla vegetazione e sui prodotti delle industrie agrarie$eesposizione critica di quanto č stato finora fatto in Italia e all'estero$fArturo Bruttini 210 $aMilano$cHoepli$d1912 215 $aXVI, 459, 64 p.$cill.$d16 cm 225 1 $aManuali Hoepli 517 1 $a<>influenza dell'elettricitā sulla vegetazione 610 0 $aElettricita$aApplicazioni in agricoltura 676 $a333.7966$v20$zita 700 1$aBruttini,$bArturo$010122 801 0$aIT$bUNINA$gREICAT$2UNIMARC 901 $aBK 912 $a9911036677603321 952 $aE ARB 278$b03/4770/25$fFAGBC 959 $aFAGBC 996 $aInfluenza dell'elettricitā sulla vegetazione e sui prodotti delle industrie agrarie$94454297 997 $aUNINA